LEADER 01185nam a2200277 u 4500 001 000000112502 003 CaOOAMICUS 005 20080710092454.0 008 080710s2008 it u000 u ita u 040 $aPUL$bita$dMCT 041 1 $aita$heng 100 1 $aRehnquist, William H.$0(OLS)http://pul/name/69359 245 13$aLe dottrine costituzionali di William H. Rehnquist /$ca cura di Giuseppe Buttà. 260 $aMilano :$bA. Giuffrè,$c2008. 300 $aLXI, 703 p. ;$c21 cm 490 1 $aCiviltà del diritto ;$v77 504 $aInclude riferimenti bibliografici. 651 4$aStati Uniti$xDiritto.$0(OLS)http://pul/subject/12612 700 1 $aButtà, Giuseppe.$0(OLS)http://pul/name/30140 830 0$aCiviltà del diritto ;$v77.$0(OLS)http://pul/title/13936 850 $aPUL 852 $aPUL$W1$xDP2 Diritto e Scienze Sociali 3$y110$m340 COLL 4.77$j175380$qDDC 21$B127658$CPULBib$Z2$F127658 $H107746 $82 941 1 $a9 961 $aPrecedente Collocazione: DCiv 94 77 996 $6245$aLe dottrine costituzionali di William H. Rehnquist$9(OLS)http://pul/title/141403 996 $6260$aMilano :$bA. Giuffrè$9(OLS)http://pul/publisher/48096 LEADER 01288nam a2200301 u 4500 001 000000080288 003 CaOOAMICUS 005 20070226123629.0 008 040709r20021955enk u000 u eng u 020 $a0415295742 035 $a11003759 040 $aPUL$bita 100 1 $aPaton, Herbert James,$d1887-$0(OLS)http://pul/name/53527 245 14$aThe modern predicament :$ba study in the Philosophy of Religion /$cH. J. Paton. 260 $aLondon :$bRoutledge,$c2002. 300 $a405 p. ;$c23 cm 490 1 $aMuirhead library of philosophy.$aEthics ;$v9 500 $aContiene indici. 500 $aRistampa anastatica dell'ediz. London, 1955. 504 $aBibliografia in nota. 650 4$aFilosofia della religione.$0(OLS)http://pul/subject/120 830 0$aMuirhead library of philosophy (Routledge).$pEthics ;$v9.$0(OLS)http://pul/title/105147 850 $aPUL 852 $aPUL$W1$xSL Filosofia 1$y2$m81 N 3.9$j102552$nBK-PRI$b $qStampati$B102552$CPULBib$Z2$F102552 $HPUL97505 $81 941 1 $a8 996 $6020$a0415295742$9(OLS)http://pul/number/106081 996 $6245$aThe modern predicament :$ba study in the Philosophy of Religion$9(OLS)http://pul/title/105161 996 $6260$aLondon :$bRoutledge$9(OLS)http://pul/publisher/67032